Paroles - "La liste" - Rose - Mort subite - Statistiques

Statistiques générales
  • Ce quiz a été pris 58 fois
  • Le résultat moyen est 11 sur 18
Answers on the Grid
Answers color-coded by a green-red scale on the quiz's grid according to % correct below.
Aller à un concert
Regarder les infos
Boire de la vodka
Aller chez Ikéa
Mettre un décolleté
Louer un meublé
Pleurer pour un rien
Acheter un chien
Ecouter Janis Joplin
Prendre le métro
Faire du vélo à deux
Ecrire des mots d'amour
Me lever en retard
Pleurer sur un trottoir
Jouer de la guitare
Danser sur un comptoir
Remplir un caddie
Avoir une petite fille
Arroser les cactus
Chanter du reggae
Repeindre la commode
Sauver un chaton
Aller au cap Ferret
Jouer au bowling
Visiter l'Italie
Lire le journal
Réparer la télé
Apprécier la vie
Sentir le jasmin
Bouder dans le noir
Petit déjeuner au lit
Marcher sous la pluie
Compter les moutons
Dormir sur le sofa
Manger au restaurant
Faire une lessive
 
Statistiques - réponses
Réponse % Correct
Aller chez Ikéa
79%
Aller à un concert
72%
Acheter un chien
70%
Boire de la vodka
70%
Ecouter Janis Joplin
63%
Pleurer pour un rien
63%
Jouer de la guitare
60%
Louer un meublé
60%
Me lever en retard
60%
Mettre un décolleté
60%
Avoir une petite fille
58%
Prendre le métro
58%
Pleurer sur un trottoir
53%
Ecrire des mots d'amour
51%
Danser sur un comptoir
49%
Faire du vélo à deux
47%
Remplir un caddie
44%
Regarder les infos
37%
Aucun quiz correspondant
Distribution des résultats
% des personnes avec chaque résultat
Percentile par nombre de réponses
Votre historique - résultats
Vous n’avez pas pris ce quiz